Catching Fire Trivia - Statistics

General Stats
  • This quiz has been taken 1,683 times
    1,678 since last reset
  • The average score is 9 of 15
Answer Stats
Hint Answer % Correct
District that Johanna is from 7
84%
Person Haymitch gives the golden bangle Finnick
83%
Format of the arena clock
81%
Beetee's best weapon wire
78%
Finnick's best weapon trident
75%
Year of the Games that Haymitch won 50th
73%
Amount of days that the living victor-tributes spent in the arena 3
72%
Item shown to Katniss by Plutarch Heavensbee as a hint for the arena light-up mockingjay watch
66%
Johanna's best weapon axe
63%
Name of the new head peacekeeper in District 12 Romulus Thread
44%
What the first parachute contains spile
39%
Chink in the armor patch in the forcefield
34%
Haymitch's ally and partner in their Games; original owner of the Mockingjay pin Maysilee Donner
33%
Killed by the forcefield and not revived. Blight
31%
Three people Katniss wanted in training Mags, Wiress, and Beetee
30%
No matching quizzes found
Score Distribution
Percent of People with Each Score
Percentile by Number Answered
Your Score History
You have not taken this quiz since the last reset